A CONCISE TB. OF ADVANCED NURSING PRACTICE (Record no. 27520)

MARC details
000 -LEADER
fixed length control field 00420nam a22001697a 4500
003 - CONTROL NUMBER IDENTIFIER
control field SGT
020 ## - INTERNATIONAL STANDARD BOOK NUMBER
International Standard Book Number 9789393885296
082 ## - DEWEY DECIMAL CLASSIFICATION NUMBER
Classification number 610.73
Item number C22B
100 ## - MAIN ENTRY--PERSONAL NAME
Personal name BASHEER, SHEBEER P.
245 ## - TITLE STATEMENT
Title A CONCISE TB. OF ADVANCED NURSING PRACTICE
250 ## - EDITION STATEMENT
Edition statement 3RD
260 ## - PUBLICATION, DISTRIBUTION, ETC. (IMPRINT)
Place of publication, distribution, etc INDIA
Name of publisher, distributor, etc EMMESS PUB
Year of Publication 2022
300 ## - PAGE DESCRIPTION
No. of Pages 810
650 ## - SUBJECT ADDED ENTRY--TOPICAL TERM
Topical term or geographic name as entry element ADVANCED NURSING PRACTICE
653 ## - KEYWORDS--INDEX TERM
Keyword term ADVANCED NURSING PRACTICE
942 ## - ADDED ENTRY ELEMENTS (KOHA)
Source of classification or shelving scheme Dewey Decimal Classification
Koha item type Books
942 ## - ADDED ENTRY ELEMENTS (KOHA)
-- 3
Holdings
Withdrawn status Lost status Source of classification or shelving scheme Damaged status Not for loan Collection code Home library Current library Shelving location Date acquired Vendor Name Cost, normal purchase price SGTU Bill Number Full call number Accession No. (Barcode) Date last seen Bill Date Koha item type Total Checkouts Checked out Date last borrowed
    Dewey Decimal Classification   Not For Loan NURSING SGT Medical Library SGT Medical Library Text Book 29/08/2024 ABC DELHI 1695.00 SGTU 19450 610.73 C22B FN5696 21/11/2024 29/08/2024 Books      
    Dewey Decimal Classification     NURSING SGT Medical Library SGT Medical Library Text Book 29/08/2024 ABC DELHI 1695.00 SGTU 19450 610.73 C22B FN5697 05/06/2026 29/08/2024 Books 13 19/06/2026 05/06/2026
    Dewey Decimal Classification     NURSING SGT Medical Library SGT Medical Library Text Book 29/08/2024 ABC DELHI 1695.00 SGTU 19450 610.73 C22B FN5698 07/05/2026 29/08/2024 Books 4 21/05/2026 07/05/2026
    Dewey Decimal Classification     NURSING SGT Medical Library SGT Medical Library Text Book 29/08/2024 ABC DELHI 1695.00 SGTU 19450 610.73 C22B FN5699 25/05/2026 29/08/2024 Books 16 08/06/2026 25/05/2026
    Dewey Decimal Classification     NURSING SGT Medical Library SGT Medical Library Text Book 29/08/2024 ABC DELHI 1695.00 SGTU 19450 610.73 C22B FN5700 05/06/2026 29/08/2024 Books 13 19/06/2026 05/06/2026